Library Banner

Islam and everyday living/ (Record no. 95417)

MARC details
000 -LEADER
fixed length control field 00435nam a22001577a 4500
005 - DATE AND TIME OF LATEST TRANSACTION
control field 20170720145510.0
008 - FIXED-LENGTH DATA ELEMENTS--GENERAL INFORMATION
fixed length control field 170720b xxu||||| |||| 00| 0 eng d
020 ## - INTERNATIONAL STANDARD BOOK NUMBER
International Standard Book Number 9694082099
040 ## - CATALOGING SOURCE
Transcribing agency PK-LaUMT
082 ## - DEWEY DECIMAL CLASSIFICATION NUMBER
Classification number ZIAC 297
Item number ZUB-I
100 ## - MAIN ENTRY--PERSONAL NAME
Personal name Zubair Farooqui , Muhammad
245 ## - TITLE STATEMENT
Title Islam and everyday living/
Statement of responsibility, etc Muhammad Zubair Farooqu
260 ## - PUBLICATION, DISTRIBUTION, ETC. (IMPRINT)
Place of publication, distribution, etc Islamabad:
Name of publisher, distributor, etc Islamic research institute,
Date of publication, distribution, etc 2000
300 ## - PHYSICAL DESCRIPTION
Extent 76 p.
942 ## - ADDED ENTRY ELEMENTS (KOHA)
Koha item type Books
Holdings
Withdrawn status Lost status Damaged status Home library Current library Date acquired Full call number Barcode Date last seen Price effective from Koha item type
      UMT Main Campus UMT Main Campus 2017-07-20 ZIAC 297 ZUB-I 111049 2017-07-20 2017-07-20 Books